Muzikologické etudy /

Hlavní autor: Jiránek, Jaroslav, 1922-2001
Jazyk: Čeština
Vydáno: Praha : Panton, 1981
Vydání: 1. vyd.
Témata:
Externí odkaz: Digitalizovaný dokument
Fyzický popis: 233 s.
Knihy
Uloženo v:
LEADER 01110nam a22002892a 4500
001 000076467
003 CZ BrMZK
005 20101202181106.0
007 ta
008 960707s1981 xr f cze d
015 |a cnb000121728 
035 |a (OCoLC)9826770 
040 |a BOA001  |b cze 
100 1 |a Jiránek, Jaroslav,  |d 1922-2001  |7 jk01051803 
245 1 0 |a Muzikologické etudy /  |c Jaroslav Jiránek 
250 |a 1. vyd. 
260 |a Praha :  |b Panton,  |c 1981 
300 |a 233 s. 
504 |a Obsahuje bibliografii 
856 4 1 |u http://www.digitalniknihovna.cz/mzk/uuid/uuid:a252e720-cb93-11e3-b110-005056827e51  |y Digitalizovaný dokument  |x NDK 
910 |a BOA001  |b PK-A-0017.904  |b 2-0841.658 
964 |a Hudebníci významní - eseje - sborníky 
964 |a Hudba - eseje 
990 |a BK 
996 7 |b 2619842944  |c 2-0841.658  |l MZK  |r Sklad / do 1 hodiny  |n 0  |w 000076467  |u 000030  |a 1  |e BOA001  |j MZK50  |s A 
996 7 |b 2619913925  |c 2-0841.658  |l MZK  |r Sklad / do 1 hodiny  |n 10  |w 000076467  |u 000020  |a 1  |e BOA001  |j MZK50  |s A 
996 7 |b 3119967413  |c PK-A-0017.904  |l MZK  |r Sklad / do 1 hodiny  |n 4  |w 000076467  |u 000010  |a 1  |e BOA001  |j MZK50  |s A